Wie Europa den Kaffee entdeckte : (Record no. 528)

MARC details
000 -LEADER
campo de control de longitud fija 01604cam a22002657a 4500
001 - NÚMERO DE CONTROL
campo de control 573384
005 - FECHA Y HORA DE LA ÚLTIMA TRANSACCIÓN
campo de control 20220326193318.0
008 - DATOS DE LONGITUD FIJA--INFORMACIÓN GENERAL
campo de control de longitud fija 891002s1988 sz a 000 0 ger
010 ## - NÚMERO DE CONTROL DE LA BIBLIOTECA DEL CONGRESO
Número de control de LC 89190828
020 ## - NÚMERO INTERNACIONAL ESTÁNDAR DEL LIBRO
Número Internacional Estándar del Libro 3906554023
040 ## - FUENTE DE CATALOGACIÓN
Centro catalogador/agencia de origen DLC
Centro/agencia transcriptor DLC
Centro/agencia modificador DLC
043 ## - CÓDIGO DE ÁREA GEOGRÁFICA
Código de área geográfica e------
082 ## - NÚMERO DE LA CLASIFICACIÓN DECIMAL DEWEY
Número de clasificación 633.73
Número de ítem S362w
100 2# - ENTRADA PRINCIPAL--NOMBRE DE PERSONA
Nombre de persona Schnyder-Von Waldkirch, Antoinette.
9 (RLIN) 2433
245 10 - MENCIÓN DEL TÍTULO
Título Wie Europa den Kaffee entdeckte :
Resto del título Reiseberichte der Barockzeit als Quellen zur Geschichte des Kaffees /
Mención de responsabilidad, etc. Antoinette Schnyder-v. Waldkirch ; [Redaktion, Katerina Vatsella].
260 ## - PUBLICACIÓN, DISTRIBUCIÓN, ETC.
Lugar de publicación, distribución, etc. Zürich :
Nombre del editor, distribuidor, etc. Jacobs Suchard Museum, Sammlung zur Kulturgeschichte des Kaffees,
Fecha de publicación, distribución, etc. c1988.
300 ## - DESCRIPCIÓN FÍSICA
Extensión 255 p. :
Otras características físicas ill. (some col.) ;
Dimensiones 25 cm.
490 0# - MENCIÓN DE SERIE
Mención de serie Veröffentlichungen des Jacobs Suchard Museums zur Kulturgeschichte des Kaffees ;
Designación de volumen o secuencia Bd. 1, 1988
505 ## - NOTA DE CONTENIDO CON FORMATO
Título Die Entdeckung des Kaffees durch europaische Orientreisende
-- Texte Zur Entdeckungsgeschichte des Kaffees
-- Erste publikationen uber Kaffe
-- Berichte uber Kaffe und Kaffehauser in den groben Zentren der orientalischen welt
-- Der Kaffe in sitte und Brauch der islamischen welt
-- Biographische Angaben Zu den Autoren der Reiseberichte
-- Angaben zu Autoren, die Orientreiseberichte ihrer Zeit zu Botanischen und propagandistischen Werken uber Kaffee verarbeiteten
-- Bibliographie
-- Namen-und Ortsregister
-- Karte
650 #0 - PUNTO DE ACCESO ADICIONAL DE MATERIA--TÉRMINO DE MATERIA
Término de materia o nombre geográfico como elemento de entrada Coffee
Subdivisión general History
Subdivisión geográfica Europe.
9 (RLIN) 2434
650 #0 - PUNTO DE ACCESO ADICIONAL DE MATERIA--TÉRMINO DE MATERIA
Término de materia o nombre geográfico como elemento de entrada Coffee industry
Subdivisión general History
Subdivisión geográfica Europe.
9 (RLIN) 2435
700 1# - ENTRADA AGREGADA--NOMBRE PERSONAL
Nombre de persona Vatsella, Katerina,
Fechas asociadas al nombre 1952-
9 (RLIN) 2436
906 ## - ELEMENTOS DE DATOS F LOCAL, LDF (RLIN)
a 7
b cbc
c orignew
d 4
e ncip
f 19
g y-gencatlg
Holdings
Estatus retirado Estado de pérdida Fuente del sistema de clasificación o colocación Estado de daño No para préstamo Biblioteca de origen Biblioteca actual Ubicación en estantería Fecha de adquisición Total de préstamos Signatura topográfica completa Código de barras Visto por última vez Precio de reemplazo Tipo de ítem Koha
    Clasificación Decimal Dewey     Biblioteca LadoV Biblioteca LadoV   17/04/2015   633.73 S362w 000469 17/04/2015 17/04/2015 Material 01